Normal view
MARC view
- India-Pakistan Conflict, 1971.
Entry Topical Term
001 - CONTROL NUMBER
- control field: 5188
003 - CONTROL NUMBER IDENTIFIER
- control field: NUST
005 - DATE AND TIME OF LATEST TRANSACTION
- control field: 20171004111135.0
008 - FIXED-LENGTH DATA ELEMENTS
- fixed length control field: 171004|| aca||aabn | a|a d
040 ## - CATALOGING SOURCE
- Original cataloging agency: NUST
- Transcribing agency: NUST
150 ## - HEADING--TOPICAL TERM
- Topical term or geographic name entry element: India-Pakistan Conflict, 1971.
670 ## - SOURCE DATA FOUND
- Source citation: Work cat.: (NUST)0: 880-01 Safdar Mahmood, 1941- 5187, Pākistān kiyūn̲ ṭūṭā? /, 2010
